000 01192nam a22002537a 4500
005 20240305165514.0
007 cr|||| ||||
008 181116s2016 mx |||||s|||| 00||0 spa d
020 _a978-607-8447-59-6
035 _a22434
040 _avLex
090 _c8308
_d8308
100 1 _aRomero Guerra, Ana Pamela
245 1 0 _a50 preguntas sobre cadena de custodia federal en el sistema penal acusatorio
_h[Recurso electrónico] /
_cAna Pamela Romero Guerra, Daniela García González
256 _aServicio en línea
260 _aCiudad de México:
_bInstituto Nacional de las Ciencias Penales,
_c2016
300 _a1 recurso electrónico
506 1 _aDisponible solo en los productos indicados
_dvLex Global
_dvLex Global (Academic Edition, excluding Law Schools)
_dvLex Global (U.S. Academic Edition, Law Schools)
_dvLex Global (U.S. Academic Edition, excluding Law Schools)
_dvLex Global (Academic Edition, Law Schools)
650 0 4 _aDerecho Penal
_zMéxico
700 1 _aGarcía González, Daniela
740 0 _avLex Libros (Servicio en línea)
856 4 0 _uhttps://app.vlex.com/#/sources/50-preguntas-cadena-custodia-federal-sistema-penal-acusatorio-22434
942 _cRAA
999 _c166545
_d166545